01979 a2200265 45000010006000000050017000060080041000230030015000640400040000790800104001192450032002230200022002552500012002772640048002893000044003375051091003810410008014721000026014807000021015067000027015277000028015546500015015828560099015976500017016964934220260407155757.0260407a2009 arg spa dAR-UNSa-BCEJYS aAR-UNSa-BCEJYSbspacAR-UNSa-BCEJYS a347.736xQuiebra. Insolvencia. Suspensión de pagos. Bancarrota, procedimientos. Derecho Concursal10aLey de concursos y quiebras a978-950-727-999-7 a4a. ed. 1aSanta Fe :bRubinzal-Culzoni Editoresc2009 a4 v. (736 ; 699 ; 728 ; 936 p.)c22 cm. aVol. 1: Artículos 1° a 25°: Ley 24522 CONCURSOS Y QUIEBRAS DE LOS CONCURSOS: 1. Principios generales - 2. Concurso preventivo - - Vol. 2: Artículos 26° a 76°: 3. Trámite hasta el acuerdo - 4. Propuesta, período de exclusividad y régimen del acuerdo preventivo - 5. Impugnación, homologación, cumplimiento y nulidad del acuerdo - 6. Concurso en caso de agrupamiento - 7. Acuerdo preventivo extrajudicial - - Vol. 3: Artículos 77° a 159°: Título III: QUIEBRA: 1. Declaración - 2. Efectos de la quiebra - - Vol. 4.: Artículos 160° a 297°: 3. Extensión de la quiebra. Grupos económicos. Responsabilidad de terceros - 4. Incautación, conservación y administración de los bienes - 5. Período informativo en la quiebra - 6. Liquidación y distribución - 7. Conclusión de la quiebra - 8. Clausura del procedimiento - 9. Inhabilitación del fallido - - Título IV: 1. Privilegios - 2. Funcionarios y empleados de los concursos - 3. Reglas procesales - 4. De los pequeños concursos y quiebras - Disposiciones transitorias y complementarias.  aspa1 aRivera, Julio César1 aRoitman, Horacio1 aVítolo, Daniel Roque1 aArgentina [Leyes, etc.] aLEY 24.52241uhttps://www.biblioeco.unsa.edu.ar/pmb/images/libros/L128024.jpgyImagen de portadaqimage/jpeg a ley 24 522